Statistics for Државе на слово Ј

Click here to take the quiz!

General Stats

  • This quiz has been taken 1 379 times
  • The average score is 6 of 8

Answer Stats

Држава% Correct
Јапан
85%
Јордан
81%
Јемен
80%
Јамајка
76%
Јерменија
75%
Јужна Кореја
66%
Јужни Судан
53%
Јужноафричка Република
41%

Score Distribution

Percentile by Number Answered

Percent of People with Each Score

Your Score History

You have not taken this quiz